|
|
|
|
| LEADER |
00000cam a2200000 a 4500 |
| 001 |
vtls008403830 |
| 003 |
SK-MaSNL |
| 005 |
20260301123631.0 |
| 008 |
230403s1949 xo 000 0 slo |
| 015 |
|
|
|a SNBA19451955-013065
|
| 035 |
|
|
|a SK01SNKBKSFS20020096047
|
| 035 |
|
|
|a urn:nbn:sk:snk-am3hx4a
|
| 035 |
|
|
|a 3E10CE2F-5530-4C32-A387-512C7737F041
|
| 035 |
|
|
|a urn:nbn:sk:snk-am00dc3d
|
| 035 |
|
|
|a SKM000098510
|
| 040 |
|
|
|a SNK
|b slo
|c SNK
|e AACR2
|
| 041 |
1 |
|
|a slo
|h rus
|
| 044 |
|
|
|a xo
|c SK
|
| 080 |
|
|
|a 342.4(47+57)
|2 1981
|
| 245 |
0 |
0 |
|a Ústava (základný zákon) Sväzu sovietskych socialistických republík
|b so zmenami a doplnkami, schválenými I., II., III., VI., VII., VIII. a X. zasadnutím Najvyššieho sovietu SSSR
|c [z ruského originálu preložil Mikuláš Bakoš]
|
| 250 |
|
|
|a 2. vyd.
|
| 260 |
|
|
|a Bratislava
|b Pravda
|c 1949
|e Bratislava
|f Pravda
|
| 300 |
|
|
|a 38, [2] s.
|c 8°
|
| 366 |
|
|
|e 10000 kusov
|
| 490 |
1 |
|
|a Svet socializmu
|v č. 3
|
| 650 |
0 |
7 |
|a ústava
|2 SNKPH
|9 2640
|
| 651 |
|
7 |
|a Sovietsky zväz
|2 SNKPHgeo
|9 22126
|
| 655 |
|
7 |
|a zákony
|2 SNKPH
|9 70186
|
| 700 |
1 |
|
|a Bakoš, Mikuláš,
|d 1914-1972
|4 trl
|9 105579
|
| 830 |
|
0 |
|a Svet socializmu
|9 308726
|
| 852 |
|
|
|a Slovenská národná knižnica
|
| 954 |
|
|
|a odborná, vedecká literatúra cudzojazyčná (svetová)
|2 lita
|
| 958 |
|
|
|a OND
|
| 958 |
|
|
|a RK
|
| 958 |
|
|
|a TL
|
| 958 |
|
|
|a EUIPO
|
| 999 |
|
|
|c 736948
|d 738878
|
| 952 |
|
|
|a SNK
|b SNK
|y VYP
|7 0
|p 17A0616936
|o snkSD 6514/3 D1
|i snkKSF 1805/56
|8 5
|0 0
|1 0
|4 0
|d 2009-05-13
|l 0
|r 2026-02-23 22:47:30
|w 2026-02-23
|
| 952 |
|
|
|a SNK
|b SNK
|y VYP
|7 0
|p 17A0616141
|o snkSD 6514/3 D2
|i snkF 7032/62
|8 4
|0 0
|1 0
|4 0
|d 2009-05-13
|l 0
|r 2026-02-23 22:47:31
|w 2026-02-23
|
| 952 |
|
|
|a SNK
|b SNK
|y PREZ
|7 0
|p 17A0912431
|o snkSD 6514/3
|i snk6494/49
|0 0
|1 0
|4 0
|d 2018-11-29
|f 1
|l 0
|r 2025-11-14 00:00:00
|w 2026-02-23
|